000 00280nam a22001217a 4500
020 _a81-8388-307-9
082 _a000
_bSPI/O
100 _aSPIDER BOOKS
245 _aMY PRE-SCHOOL BOOK OF OPPOSITES
260 _aCHENNAI
_bSPIDER BOOKS
650 _aPICTURE BOOK
_zINDIA
942 _cBK
999 _c4664
_d4664